The Bow, its History, Manufacture & Use. Illustrated by the author

Enregistré dans:
Détails bibliographiques
Auteur principal: Saint-George, Henry (Auteur)
Format: Livre
Langue:anglais
Publié: Londres Charles Scribner's sons 1909
Édition:1a. ed
Collection:Strad Library, 3
Sujets:
Tags: Ajouter un tag
Pas de tags, Soyez le premier à ajouter un tag!

MARC

LEADER 00000nam a2200000 a 4500
001 UCJ7275
003 CL-VaPUC
008 070124e19090000UK |||||||||||||||||eng|d
082 0 4 |a 780  |b SAI  |2 21 
100 0 |a Saint-George, Henry  |e author  |9 515547 
245 1 4 |a The Bow, its History, Manufacture & Use. Illustrated by the author 
250 |a 1a. ed 
300 |a 108 p 
942 |c BK 
945 |d 20070124 00:00:00  |a rinostro 
260 |a Londres  |b Charles Scribner's sons  |c 1909 
500 |a Fotografía del autor; ilustraciones sin indizar 
650 0 |a Instrumentos musicales  |9 306600 
650 0 |a Violín  |9 390065 
650 0 |a Ilustraciones  |9 369481 
650 0 |a Iconografía   |9 267998 
650 0 |a Viola  |9 515548 
650 7 |a CELLO  |2 CL-VaPUC  |9 515549 
583 |a last modification  |c 20070124 00:00:00  |k Rodrigo Vera 
490 0 |a Strad Library, 3 
999 |c 323371  |d 323369 
952 |0 0  |1 0  |4 0  |6 780_000000000000000_SAI_1909  |7 0  |8 X  |9 402927  |a FDOBUD  |b FDOBUD  |d 2019-11-22  |i 1060910  |o 780 SAI 1909  |p 1060910  |r 2019-11-22  |w 2019-11-22  |y BK_X  |k BUD